| Tag |
First Indicator |
Second Indicator |
Subfields |
| LEADER |
00000cam a2200000 a 4500 |
| 001 |
in00000964607 |
| 005 |
20150927073623.0 |
| 007 |
hd afv|||baca |
| 008 |
851223s1683 miu a 00000 eng d |
| 035 |
|
|
|a (OCoLC)12952390
|
| 035 |
|
|
|9 AEV3372AM
|
| 037 |
|
|
|a CL0037000022
|b UMI
|
| 037 |
|
|
|b University Microfilms International, 300 N. Zeeb Road, Ann Arbor, MI 48106
|
| 040 |
|
|
|a EAA
|c EAA
|d m/c
|d EAA
|d UtOrBLW
|
| 043 |
|
|
|a e-uk-en
|
| 049 |
|
|
|a TXAI
|
| 099 |
|
|
|a film
|a B
|a 3609
|
| 100 |
1 |
|
|a Clagett, William,
|d 1646-1688.
|
| 245 |
1 |
3 |
|a An answer to the dissenters objections against the common prayers, and some other parts of divine-service prescribed in the liturgie of the Church of England.
|
| 264 |
|
3 |
|a London :
|b Printed for T. Basset ..., B. Took ..., and F. Gardiner ...,
|c 1683.
|
| 300 |
|
|
|a 3 unnumbered pages, 47 pages
|
| 336 |
|
|
|a text
|b txt
|2 rdacontent
|
| 337 |
|
|
|a microform
|b h
|2 rdamedia
|
| 338 |
|
|
|a microfilm reel
|b hd
|2 rdacarrier
|
| 500 |
|
|
|a Attributed to William Clagett. Cf. DNB.
|
| 500 |
|
|
|a Reproduction of original in Huntington Library.
|
| 510 |
4 |
|
|a Wing
|c C4373
|
| 510 |
4 |
|
|a Arber's Term cat.
|c II 15
|
| 533 |
|
|
|a Microfilm.
|b Ann Arbor, Mich. :
|c University Microfilms,
|d 1977.
|e 1 microfilm reel ; 35 mm.
|f (Early English books, 1641-1700 ; 733:43)
|
| 500 |
|
|
|a Microform.
|
| 610 |
2 |
0 |
|a Church of England
|x Liturgy
|x History.
|
| 610 |
2 |
0 |
|a Church of England.
|t Book of common prayer.
|
| 650 |
|
0 |
|a Dissenters, Religious
|z England
|v Early works to 1800.
|
| 830 |
|
0 |
|a Early English books, 1641-1700 ;
|v 733:43.
|
| 999 |
|
|
|a MARS
|
| 999 |
f |
f |
|s 9f154b14-ec45-3a6b-a093-8ef08e8c9421
|i 930c8629-28ed-37d0-8a62-116c80394fc0
|t 0
|
| 952 |
f |
f |
|p default
|a Texas A&M University
|b College Station
|c Sterling C. Evans Library
|d Evans: Microforms (3rd floor)
|t 0
|e film B 3609 733:43
|h Other scheme
|i microform -- microfilm reel
|
| 998 |
f |
f |
|a film B 3609 733:43
|t 0
|l Evans: Microforms (3rd floor)
|